Austro-Hungarian A.P.O.'s 1914-1918 (Record no. 1887)

000 -LEADER
fixed length control field 00403nam a22000977a 4500
008 - FIXED-LENGTH DATA ELEMENTS--GENERAL INFORMATION
fixed length control field 160416b xxu||||| |||| 00| 0 eng d
100 ## - MAIN ENTRY--AUTHOR'S NAME
Author's Name Tranmer, Keith
245 ## - TITLE STATEMENT
Title Austro-Hungarian A.P.O.'s 1914-1918
260 ## - PUBLICATION, DISTRIBUTION, ETC. (IMPRINT)
Place of publication, distribution, etc. Hornchurch, Essex, England
Name of publisher, distributor, etc. K. Tranmer
Date of publication, distribution, etc. 1973
650 ## - TOPICAL TERM (Tag)
Topical term or geographic name Austro-Hungarian Military Post | Austro-Hungarian Empire | Austria | Military Mail | 1914-1918 | World War I, 1914-1918 | Postal History
Holdings
Withdrawn status Lost status Source of classification or shelving scheme Damaged status Koha normalized classification for sorting Not for loan Permanent Location Current Location Date acquired Total Checkouts Full call number Barcode Date last seen Copy number Price effective from
        G6481 M644 T772   Northern Philatelic Library Northern Philatelic Library 04/16/2016   G6481 M644 T772 1002192 04/16/2016 1 04/16/2016

Powered by Koha